00374 a2200145 4500003000500000005001700005040000900022082001400031100003200045245009500077260001400172300000900186538002200195650001100217Nust20170207153550.0 cNust a005.1,KHA aKhan ,M.Tahir Abbas MSCS aShort Term Load Forecasting For An Interconnected Power SystemcM.Tahir Abbas Khan MSCS bMCSc2000 a76:p aT2 and Shelf No 1 aThesis